| 000 | 00427nam a22001457a 4500 | ||
|---|---|---|---|
| 003 | OSt | ||
| 005 | 20260324114712.0 | ||
| 008 | 211115b ||||| |||| 00| 0 eng d | ||
| 040 | _cAIMIT LIBRARY | ||
| 100 |
_aA R, Bharath; Shetty, Annapoorna. _d191806 _910413 |
||
| 245 | _aZinfy-Complete Manager / | ||
| 260 |
_aAmitzinfy Pvt.Ltd, Mangalore. _bAnnapoorna Shetty. _c2021 |
||
| 856 | _uURL:www.aimitzinfy.com | ||
| 942 |
_2ddc _cPRO |
||
| 999 |
_c220596 _d220596 |
||